PESQUISA AGROPECUARIA BRASILEIRA (Record no. 15331)
[ view plain ]
| 000 -LEADER | |
|---|---|
| fixed length control field | 00470nam a2200157Ia 4500 |
| 022 ## - INTERNATIONAL STANDARD SERIAL NUMBER | |
| ISSN | 0100-204X |
| 041 ## - LANGUAGE CODE | |
| Language code of text/sound track or separate title | Por |
| 245 #0 - TITLE STATEMENT | |
| Title | PESQUISA AGROPECUARIA BRASILEIRA |
| 260 ## - PUBLICATION, DISTRIBUTION, ETC. (IMPRINT) | |
| Name of publisher | Empresa Brasileira de Pesquisa Agropecuaria, Caixa |
| Place of publication | Brazil |
| 310 ## - CURRENT PUBLICATION FREQUENCY | |
| Current publication frequency | M |
| 500 ## - GENERAL NOTE | |
| General note | Ending Volume & Year: 28, 1993 |
| 500 ## - GENERAL NOTE | |
| General note | Missing Volume: 22(9-12);23(1);25(9-12);26 |
| 500 ## - GENERAL NOTE | |
| General note | Starting Volume & Year: 22, 1987 |
| 942 ## - ADDED ENTRY ELEMENTS (KOHA) | |
| Koha item type | Bound Journal |
| Withdrawn status | Lost status | Damaged status | Not for loan | Home library | Current library | Date acquired | Accession Number | Koha item type |
|---|---|---|---|---|---|---|---|---|
| Bound journals | RRII Library | RRII Library | 31/12/2021 | 15102J | Bound Journal |